[Event "Mercredi 2021.10.06 ABCD"]
[Site "Montreal CAN"]
[Date "2021.10.20"]
[Round "3"]
[White "Dompierre, Remi"]
[Black "Kyres, Andrew"]
[Result "1-0"]
[WhiteElo "1684"]
[BlackElo "1620"]
[PlyCount "71"]
[EventDate "2021.10.06"]
[EventType "tourn"]
[EventRounds "5"]
[EventCountry "CAN"]

1. e4 e5 2. Nf3 Nc6 3. Bc4 Nf6 4. Ng5 d5 5. exd5 Na5 6. Bb5+ c6 7. dxc6 bxc6 8.
Bd3 h6 9. Ne4 Nd5 10. O-O f5 11. Qh5+ Ke7 12. Ng3 e4 13. Re1 Kf6 14. Bxe4 g6
15. Qf3 Bg7 16. Bxd5 cxd5 17. d4 Nc4 18. Nc3 Bb7 19. b3 Nb6 20. Ba3 Re8 21.
Rxe8 Qxe8 22. Qe2 f4 23. Qf3 g5 24. Nh5+ Kg6 25. Nxg7 Kxg7 26. Bc5 Nd7 27. Rd1
Qe6 28. Qe2 Qxe2 29. Nxe2 Re8 30. Nc1 Nxc5 31. dxc5 Kf6 32. f3 Re3 33. Kf2 Rc3
34. Rd2 Rxc5 35. Nd3 a5 36. Nxc5 1-0

[Event "Mercredi 2021.10.06 ABCD"]
[Site "Montreal CAN"]
[Date "2021.10.20"]
[Round "3"]
[White "Gauthier, Luc"]
[Black "Lima-Barbosa, Raphael"]
[Result "0-1"]
[WhiteElo "1668"]
[BlackElo "1703"]
[PlyCount "50"]
[EventDate "2021.10.06"]
[EventType "tourn"]
[EventRounds "5"]
[EventCountry "CAN"]

1. e4 c5 2. f4 Nc6 3. Nf3 g6 4. Nc3 Bg7 5. Bb5 e6 6. Bxc6 bxc6 7. d3 Rb8 8. O-O
Ne7 9. Qe1 O-O 10. Qh4 Ba6 11. f5 exf5 12. Bh6 Rxb2 13. Ng5 f6 14. Bxg7 fxg5
15. Qh6 Rf7 16. Be5 d6 17. Bg3 Rxc2 18. Qxg5 Bxd3 19. e5 dxe5 20. Bxe5 Bxf1 21.
Rxf1 Qd2 22. Qg3 f4 23. Qf3 Qe3+ 24. Qxe3 fxe3 25. Rd1 Rf5 0-1

[Event "Mercredi 2021.10.06 ABCD"]
[Site "Montreal CAN"]
[Date "2021.10.20"]
[Round "3"]
[White "Jacquet, Stephane"]
[Black "Cardin, Guillaume"]
[Result "1-0"]
[WhiteElo "1994"]
[BlackElo "2037"]
[PlyCount "99"]
[EventDate "2021.10.06"]
[EventType "tourn"]
[EventRounds "5"]
[EventCountry "CAN"]

1. d4 Nf6 2. c4 g6 3. Nc3 d5 4. cxd5 Nxd5 5. Bd2 Bg7 6. e4 Nb6 7. Be3 O-O 8. h3
e5 9. d5 c6 10. Nf3 cxd5 11. Nxd5 Nxd5 12. Qxd5 Qxd5 13. exd5 Na6 14. Bxa6 bxa6
15. O-O Bb7 16. Rfd1 Rfd8 17. d6 e4 18. Nh2 Be5 19. Ng4 Bxd6 20. Bg5 Bc7 21.
Bxd8 Rxd8 22. Rxd8+ Bxd8 23. Rd1 Bb6 24. Nf6+ Kg7 25. Nd7 Bc7 26. Nc5 Bc6 27.
Nxa6 Bb6 28. b4 e3 29. Nc5 e2 30. Re1 Bb5 31. a4 Bc4 32. Ne4 Bd4 33. b5 f5 34.
Ng3 Bc3 35. Rxe2 Bxe2 36. Nxe2 Be5 37. a5 Bc7 38. b6 Bb8 39. Nd4 axb6 40. axb6
Kf6 41. Nc6 Bf4 42. b7 h5 43. g3 Bc7 44. Kg2 g5 45. f3 f4 46. b8=Q Bxb8 47.
Nxb8 g4 48. fxg4 hxg4 49. hxg4 Kg5 50. Kf3 1-0

[Event "Mercredi 2021.10.06 ABCD"]
[Site "Montreal CAN"]
[Date "2021.10.20"]
[Round "3"]
[White "Kozlov, Guennadi"]
[Black "Millette, Sylvain"]
[Result "1/2-1/2"]
[WhiteElo "1873"]
[BlackElo "1706"]
[PlyCount "94"]
[EventDate "2021.10.06"]
[EventType "tourn"]
[EventRounds "5"]
[EventCountry "CAN"]

1. e4 Nf6 2. e5 Nd5 3. d4 d6 4. Nf3 Bg4 5. Be2 Nc6 6. exd6 exd6 7. O-O Be7 8.
c4 Nb6 9. b3 O-O 10. Bb2 Bf6 11. Nbd2 Re8 12. h3 Bxf3 13. Nxf3 Ne7 14. Qc2 Ng6
15. Bd3 c5 16. Rfe1 Qc7 17. Qd2 Qd7 18. Rad1 Rxe1+ 19. Rxe1 Re8 20. Bb1 Rxe1+
21. Qxe1 Nc8 22. Qe4 Qe7 23. Qf5 Nb6 24. dxc5 Bxb2 25. cxb6 axb6 26. h4 Nf8 27.
Be4 g6 28. Qd5 Ne6 29. Qxb7 Qxb7 30. Bxb7 Nd4 31. Ng5 h6 32. Ne4 Ba3 33. Nc3
Kf8 34. Nd5 Ne2+ 35. Kf1 Nc1 36. Nxb6 Nxa2 37. Nd5 Bc5 38. f3 Nb4 39. Nc3 Nd3
40. Be4 Ne5 41. Ke2 Ke7 42. Nd5+ Ke6 43. f4 Nc6 44. g4 Nd4+ 45. Kd3 Nxb3 46.
Nc7+ Kd7 47. Nd5 Ke6 1/2-1/2

[Event "Mercredi 2021.10.06 ABCD"]
[Site "Montreal CAN"]
[Date "2021.10.20"]
[Round "3"]
[White "Mok, Yuen Tak"]
[Black "Rodrigue-Lemieux, Shawn"]
[Result "0-1"]
[WhiteElo "2043"]
[BlackElo "2398"]
[PlyCount "84"]
[EventDate "2021.10.06"]
[EventType "tourn"]
[EventRounds "5"]
[EventCountry "CAN"]

1. e4 c6 2. d4 d5 3. e5 Bf5 4. Nf3 e6 5. Be2 Ne7 6. O-O c5 7. c3 Nec6 8. Be3
Nd7 9. a3 c4 10. Nbd2 Be7 11. Ne1 Bg6 12. f4 Qb6 13. b4 cxb3 14. Nxb3 Na5 15.
Nxa5 Qxa5 16. Bd2 O-O 17. g4 f6 18. f5 Bf7 19. exf6 Nxf6 20. Bd3 Ne4 21. Bxe4
dxe4 22. Qe2 Rae8 23. Qxe4 exf5 24. Rxf5 Qa6 25. Qd3 Bc4 26. Qf3 Be6 27. Rxf8+
Rxf8 28. Qd3 Bc4 29. Qe4 Rf1+ 30. Kg2 Qd6 31. Qe5 Qxe5 32. dxe5 Bc5 33. Bg5 Be2
34. h3 h6 35. Bd2 Bc4 36. Kg3 Bf2+ 37. Kg2 Bh4 38. Be3 Rxe1 39. Rxe1 Bxe1 40.
Bxa7 Bxc3 41. Bb8 Kf7 42. Kf3 Ke6 0-1

[Event "Mercredi 2021.10.06 ABCD"]
[Site "Montreal CAN"]
[Date "2021.10.20"]
[Round "3"]
[White "Singher, Jean-Pierre"]
[Black "Kapush, Oleksandr"]
[Result "0-1"]
[WhiteElo "2097"]
[BlackElo "2092"]
[PlyCount "81"]
[EventDate "2021.10.06"]
[EventType "tourn"]
[EventRounds "5"]
[EventCountry "CAN"]

1. d4 Nf6 2. Nf3 d6 3. c4 g6 4. Nc3 Bg7 5. e4 O-O 6. Be2 Nbd7 7. O-O e5 8. d5
Nc5 9. Qc2 a5 10. Ne1 Nfd7 11. b3 f5 12. a3 fxe4 13. Rb1 a4 14. b4 Nb3 15. Nxe4
Nxc1 16. Rxc1 Bh6 17. Rd1 Nf6 18. Ng3 Qe7 19. c5 e4 20. Qc3 Bf4 21. Nc2 h5 22.
f3 Be5 23. Qe3 exf3 24. gxf3 Bh3 25. f4 Bxf1 26. Rxf1 Bd4 27. Qxd4 h4 28. Bd3
hxg3 29. hxg3 Qg7 30. cxd6 cxd6 31. Qb6 Qd7 32. Kg2 Kg7 33. Qd4 Rae8 34. Qb2
Kg8 35. Nd4 Ng4 36. Rh1 Qg7 37. Bxg6 Qxg6 38. Nf5 Ne3+ 39. Kg1 Nxf5 40. Qh8+
Kf7 41. Rh7+ 0-1

[Event "Mercredi 2021.10.06 ABCD"]
[Site "Montreal CAN"]
[Date "2021.10.27"]
[Round "4"]
[White "Barko, Maxim"]
[Black "Abderaouf, Sekki"]
[Result "1-0"]
[WhiteElo "1879"]
[BlackElo "1842"]
[PlyCount "89"]
[EventDate "2021.10.06"]
[EventType "tourn"]
[EventRounds "5"]
[EventCountry "CAN"]

1. d4 e6 2. e4 d5 3. Nc3 Bb4 4. e5 c5 5. a3 Bxc3+ 6. bxc3 Nc6 7. h4 Nge7 8. h5
h6 9. Qg4 Nf5 10. Nf3 Qc7 11. Bd3 Nce7 12. Bd2 c4 13. Bxf5 Nxf5 14. Nh4 O-O 15.
Rh3 Kh7 16. Nf3 Qe7 17. Qf4 f6 18. g4 fxe5 19. Qxe5 Nd6 20. Nh4 Ne4 21. Ng6 Qf6
22. Nxf8+ Qxf8 23. f3 Nd6 24. Ke2 Bd7 25. g5 Nf5 26. gxh6 gxh6 27. Rg1 Be8 28.
Qc7+ Qf7 29. Qxf7+ Bxf7 30. Bf4 Rg8 31. Rxg8 Kxg8 32. Rh1 Be8 33. Rb1 b5 34.
Rg1+ Kh7 35. Rb1 a6 36. a4 bxa4 37. Rb7+ Kg8 38. Rb6 Bb5 39. Rxe6 a3 40. Rg6+
Kf7 41. Bc1 a2 42. Bb2 a5 43. Ba1 a4 44. Rb6 Bd7 45. Kf2 1-0

[Event "Mercredi 2021.10.06 ABCD"]
[Site "Montreal CAN"]
[Date "2021.10.27"]
[Round "4"]
[White "Boudreau, Daniel"]
[Black "Jacquet, Stephane"]
[Result "0-1"]
[WhiteElo "2000"]
[BlackElo "1994"]
[PlyCount "84"]
[EventDate "2021.10.06"]
[EventType "tourn"]
[EventRounds "5"]
[EventCountry "CAN"]

1. e4 d6 2. d4 g6 3. Nc3 Bg7 4. Be3 a6 5. h3 b5 6. a3 Bb7 7. f4 Nf6 8. Bd3 O-O
9. Nf3 Nbd7 10. O-O Rc8 11. e5 Nd5 12. Nxd5 Bxd5 13. a4 c5 14. c3 Qc7 15. axb5
c4 16. Bc2 axb5 17. Qe1 Ra8 18. Qh4 Bxf3 19. gxf3 e6 20. exd6 Qxd6 21. Be4 Rxa1
22. Rxa1 f5 23. Bc2 Nf6 24. Bd2 Qc6 25. Kg2 Ra8 26. Rxa8+ Qxa8 27. Qe1 Kf7 28.
Qb1 Nd5 29. b3 Qb8 30. Kg3 Qc7 31. bxc4 bxc4 32. h4 Bf8 33. Ba4 Bd6 34. Qc1 h6
35. Bb5 g5 36. hxg5 hxg5 37. Kf2 Bxf4 38. Bxf4 Nxf4 39. Qh1 Kg7 40. Ke3 Qa5 41.
Qb1 Qxc3+ 42. Kf2 Qd2+ 0-1

[Event "Mercredi 2021.10.06 ABCD"]
[Site "Montreal CAN"]
[Date "2021.10.27"]
[Round "4"]
[White "Cardin, Guillaume"]
[Black "Adam, Rafael"]
[Result "1-0"]
[WhiteElo "2037"]
[BlackElo "1947"]
[PlyCount "139"]
[EventDate "2021.10.06"]
[EventType "tourn"]
[EventRounds "5"]
[EventCountry "CAN"]

1. e4 e5 2. Nf3 Nc6 3. Bb5 a6 4. Ba4 Nf6 5. O-O Nxe4 6. d4 b5 7. Bb3 d5 8. dxe5
Be6 9. Nbd2 Nc5 10. c3 Nxb3 11. Nxb3 Be7 12. Re1 O-O 13. Be3 Qc8 14. Bc5 Re8
15. Qd2 Nb8 16. Bxe7 Rxe7 17. a4 Nd7 18. axb5 axb5 19. Rxa8 Qxa8 20. Ra1 Qb8
21. Qd4 Re8 22. h3 Qb7 23. Nc5 Qc6 24. Nxd7 Bxd7 25. b4 Ra8 26. Rxa8+ Qxa8 27.
Qc5 c6 28. Qe7 Qe8 29. Qxe8+ Bxe8 30. Kf1 Bd7 31. Ke2 f6 32. Ke3 Kf7 33. Kd4
Ke6 34. exf6 gxf6 35. Kc5 Kf5 36. Nd4+ Ke4 37. Nxc6 Kd3 38. Ne7 Ke2 39. Nxd5 f5
40. f4 Be6 41. Nf6 Bc4 42. Nxh7 Ke3 43. g4 fxg4 44. hxg4 Kxf4 45. Nf6 Be2 46.
g5 Kxg5 47. Ne4+ Kg6 48. Nd6 Kf6 49. Nxb5 Ke7 50. Nd4 Bf1 51. c4 Kd7 52. Nf5
Kc7 53. Ne3 Bd3 54. b5 Kb7 55. Nd5 Bf1 56. Kb4 Bg2 57. Nc3 Kc7 58. c5 Kb7 59.
Ne2 Kc7 60. Nd4 Kb7 61. Ka5 Bd5 62. c6+ Ka7 63. b6+ Ka8 64. Kb5 Bg2 65. Kc5 Be4
66. Kd6 Kb8 67. Kd7 Ka8 68. b7+ Ka7 69. Nb5+ Ka6 70. b8=Q 1-0

[Event "Mercredi 2021.10.06 ABCD"]
[Site "Montreal CAN"]
[Date "2021.10.27"]
[Round "4"]
[White "Dompierre, Remi"]
[Black "Gauthier, Luc"]
[Result "0-1"]
[WhiteElo "1684"]
[BlackElo "1668"]
[PlyCount "98"]
[EventDate "2021.10.06"]
[EventType "tourn"]
[EventRounds "5"]
[EventCountry "CAN"]

1. e4 Nf6 2. e5 Nd5 3. d4 d6 4. Nf3 dxe5 5. Nxe5 c6 6. Bc4 g6 7. O-O Bg7 8. Bb3
O-O 9. c4 Nb6 10. Nc3 N8d7 11. c5 Nxe5 12. cxb6 Ng4 13. h3 Nf6 14. bxa7 Nd5 15.
Bxd5 cxd5 16. Nb5 Bd7 17. a4 Bxb5 18. axb5 Qb6 19. Qa4 Bxd4 20. Be3 Bxe3 21.
fxe3 Qxe3+ 22. Kh1 e6 23. Rf3 Qb6 24. Qa5 Qxa5 25. Rxa5 b6 26. Ra6 Rfc8 27.
Rxb6 Rxa7 28. Ra6 Rb7 29. b6 Rcb8 30. Ra7 f5 31. Rxb7 Rxb7 32. Rb3 Kf7 33. Kg1
Kf6 34. g3 e5 35. Kf2 Ke6 36. Ke3 Kd6 37. g4 f4+ 38. Kf3 g5 39. h4 h6 40. hxg5
hxg5 41. Ra3 Rxb6 42. Ra8 Rb3+ 43. Kf2 Rxb2+ 44. Kf1 e4 45. Rg8 f3 46. Rg6+ Kc5
47. Rxg5 e3 48. Kg1 Rb1+ 49. Kh2 e2 0-1

[Event "Mercredi 2021.10.06 ABCD"]
[Site "Montreal CAN"]
[Date "2021.10.27"]
[Round "4"]
[White "Gadbois, Patrick"]
[Black "Guipi Bopala, Prince Eric jr"]
[Result "0-1"]
[WhiteElo "1901"]
[BlackElo "1932"]
[PlyCount "122"]
[EventDate "2021.10.06"]
[EventType "tourn"]
[EventRounds "5"]
[EventCountry "CAN"]

1. d4 d5 2. Nf3 Nf6 3. Bf4 e6 4. e3 c5 5. c3 Nc6 6. Bd3 Bd6 7. Bg3 O-O 8. Nbd2
Qe7 9. Ne5 Bxe5 10. dxe5 Nd7 11. f4 f6 12. exf6 Nxf6 13. O-O e5 14. e4 exf4 15.
Rxf4 g5 16. Rxf6 Rxf6 17. Qh5 Rf7 18. Re1 d4 19. Bc4 Be6 20. Bxe6 Qxe6 21.
Qxg5+ Rg7 22. Qxc5 dxc3 23. Qxc3 Rd8 24. Nf3 Qd7 25. Qc4+ Qf7 26. Qa4 Qd7 27.
e5 Nd4 28. Qxa7 Nxf3+ 29. gxf3 Qd3 30. Qf2 Qd2 31. f4 Qxf2+ 32. Kxf2 Rd2+ 33.
Re2 Rxe2+ 34. Kxe2 Kf7 35. Ke3 Ke6 36. Ke4 Rg4 37. a4 h5 38. Kf3 Kf5 39. h3 Rg6
40. Be1 Rg1 41. Bd2 Rb1 42. b4 Rb3+ 43. Be3 Rxb4 44. a5 Ra4 45. Bd2 Ra3+ 46.
Be3 Rxa5 47. h4 b5 48. Ke2 Ra3 49. Kd2 Ke4 50. Bc5 Ra2+ 51. Kc3 Kxf4 52. e6 Re2
53. e7 Kg4 54. Kb4 Kxh4 55. Kxb5 Kg5 56. Kc6 Kf6 57. Kd7 Kf7 58. Bd6 h4 59. Kc6
Re6 60. Kd7 Rxd6+ 61. Kxd6 Ke8 0-1

[Event "Mercredi 2021.10.06 ABCD"]
[Site "Montreal CAN"]
[Date "2021.10.27"]
[Round "4"]
[White "Johnson-Constantin, Mathieu"]
[Black "Singher, Jean-Pierre"]
[Result "1-0"]
[WhiteElo "2072"]
[BlackElo "2097"]
[PlyCount "119"]
[EventDate "2021.10.06"]
[EventType "tourn"]
[EventRounds "5"]
[EventCountry "CAN"]

1. e4 e6 2. d4 d5 3. Nc3 Bb4 4. e5 c5 5. a3 Bxc3+ 6. bxc3 Ne7 7. Qg4 Qc7 8.
Qxg7 Rg8 9. Qxh7 cxd4 10. Ne2 Nbc6 11. f4 dxc3 12. Be3 Na5 13. Bd4 Qc4 14. Bxc3
b6 15. Qd3 Ba6 16. Bxa5 Qc8 17. Qd2 Bxe2 18. Bxe2 bxa5 19. Bd3 Qc5 20. Rb1 Qxa3
21. O-O Qc5+ 22. Kh1 Nf5 23. Bxf5 exf5 24. Rb7 Rc8 25. Qd3 Rg6 26. Qxf5 Rc7 27.
Rb8+ Ke7 28. Qd3 Qc4 29. Qf3 Qe4 30. Qf2 a4 31. Qh4+ Kd7 32. Qd8+ Kc6 33. Qe8+
Rd7 34. Qc8+ Rc7 35. Qa6+ Kd7 36. Qb5+ Rgc6 37. Rd1 Ke7 38. h3 Qxc2 39. Qxd5
Qxd1+ 40. Qxd1 Rc1 41. Rb1 Rxd1+ 42. Rxd1 Rc4 43. g3 a3 44. Kg2 a2 45. Kf3 Rc3+
46. Kg4 Ke6 47. Rd6+ Ke7 48. Ra6 Rc2 49. Rxa7+ Ke6 50. Ra5 f5+ 51. exf6 Kxf6
52. Ra6+ Kg7 53. h4 Kf7 54. h5 Kg7 55. Kg5 Rg2 56. g4 Rd2 57. Ra7+ Kg8 58. h6
Kh8 59. f5 Kg8 60. Kg6 1-0

[Event "Mercredi 2021.10.06 ABCD"]
[Site "Montreal CAN"]
[Date "2021.10.27"]
[Round "4"]
[White "Kozlov, Guennadi"]
[Black "Beaulieu, Pierre"]
[Result "1-0"]
[WhiteElo "1873"]
[BlackElo "1870"]
[PlyCount "81"]
[EventDate "2021.10.06"]
[EventType "tourn"]
[EventRounds "5"]
[EventCountry "CAN"]

1. e4 g6 2. d4 Bg7 3. Nc3 a6 4. Be3 b5 5. Qd2 Bb7 6. Bd3 Nc6 7. Nf3 d6 8. O-O
e5 9. d5 Nce7 10. a4 bxa4 11. Rxa4 Nf6 12. Rfa1 O-O 13. Bxa6 Bxa6 14. Rxa6 Rxa6
15. Rxa6 Qb8 16. b3 Ng4 17. Bg5 f6 18. Bh4 Qb7 19. Ra4 h5 20. h3 Nh6 21. Qd3
Nf7 22. Qa6 Qxa6 23. Rxa6 g5 24. Bg3 Rc8 25. Nd2 h4 26. Bh2 c6 27. dxc6 Nxc6
28. Nd5 Kf8 29. Nc4 Ne7 30. Nde3 Ke8 31. Kf1 Rd8 32. Ke2 d5 33. exd5 Nxd5 34.
Nxd5 Rxd5 35. f3 f5 36. Bg1 f4 37. Re6+ Kd8 38. Bb6+ Kd7 39. Rg6 Bf8 40. Ba5
Bc5 41. b4 1-0

[Event "Mercredi 2021.10.06 ABCD"]
[Site "Montreal CAN"]
[Date "2021.10.27"]
[Round "4"]
[White "Lima-Barbosa, Raphael"]
[Black "Chapdelaine, Gwyn"]
[Result "1-0"]
[WhiteElo "1703"]
[BlackElo "1640"]
[PlyCount "67"]
[EventDate "2021.10.06"]
[EventType "tourn"]
[EventRounds "5"]
[EventCountry "CAN"]

1. d4 d5 2. c4 e6 3. Nc3 Nf6 4. cxd5 exd5 5. Bg5 Bb4 6. Qb3 Nc6 7. e3 O-O 8.
Bd3 Re8 9. Nge2 a5 10. O-O Be6 11. a3 Bd6 12. f3 h6 13. Bh4 g5 14. Bf2 Ne7 15.
Qc2 c5 16. Bb5 Bd7 17. Rad1 c4 18. Ng3 Bxg3 19. hxg3 Bc6 20. Bxc6 Nxc6 21. e4
Re6 22. e5 Ne8 23. f4 gxf4 24. gxf4 f6 25. Qg6+ Ng7 26. f5 Ne7 27. Qxh6 Nexf5
28. Qf4 b5 29. g4 fxe5 30. dxe5 Rg6 31. Nxd5 Nh6 32. Nf6+ Qxf6 33. exf6 Nxg4
34. fxg7 1-0

[Event "Mercredi 2021.10.06 ABCD"]
[Site "Montreal CAN"]
[Date "2021.10.27"]
[Round "4"]
[White "Millette, Sylvain"]
[Black "Jean, Robert"]
[Result "0-1"]
[WhiteElo "1706"]
[BlackElo "1801"]
[PlyCount "74"]
[EventDate "2021.10.06"]
[EventType "tourn"]
[EventRounds "5"]
[EventCountry "CAN"]

1. e4 c5 2. d4 cxd4 3. c3 Nf6 4. e5 Nd5 5. Qxd4 e6 6. Nf3 Nc6 7. Qg4 Qc7 8. Qe4
f5 9. exf6 Nxf6 10. Qh4 d5 11. Bb5 Bd6 12. O-O O-O 13. Nbd2 e5 14. Nb3 Ne7 15.
Qg5 h6 16. Qd2 Be6 17. g3 Ne4 18. Qd1 Rf6 19. Nh4 Raf8 20. Be3 g5 21. Ng2 Kg7
22. Bd3 Nc5 23. Bxc5 Bxc5 24. Nxc5 Qxc5 25. Qe2 e4 26. Bc2 Rf3 27. Ne3 Bh3 28.
Ng2 Ng6 29. Rad1 Ne5 30. Rxd5 Qxd5 31. Bxe4 Qc5 32. Bxf3 Nxf3+ 33. Kh1 Qc6 34.
Qe3 Bxg2+ 35. Kxg2 Nh4+ 36. Kh3 Qd7+ 37. g4 Rf3+ 0-1

[Event "Mercredi 2021.10.06 ABCD"]
[Site "Montreal CAN"]
[Date "2021.10.27"]
[Round "4"]
[White "Mok, Yuen Tak"]
[Black "Beaudry, Marc-Andre"]
[Result "1-0"]
[WhiteElo "2043"]
[BlackElo "2052"]
[PlyCount "111"]
[EventDate "2021.10.06"]
[EventType "tourn"]
[EventRounds "5"]
[EventCountry "CAN"]

1. Nf3 d5 2. c4 c6 3. b3 Bf5 4. Bb2 h6 5. g3 e6 6. Bg2 Nf6 7. O-O Be7 8. d3 O-O
9. Nbd2 Nbd7 10. a3 a5 11. Ra2 Bh7 12. Qa1 c5 13. cxd5 exd5 14. d4 Re8 15. Re1
b6 16. Ne5 Rc8 17. Rc1 Bf8 18. Ndf3 Rc7 19. e3 a4 20. bxa4 c4 21. Bc3 Qa8 22.
Nxd7 Rxd7 23. Qb2 Ra7 24. Ne5 Rxa4 25. Qxb6 Rb8 26. Qc6 Rxa3 27. Qxa8 Rbxa8 28.
Rxa3 Rxa3 29. Nc6 Bf5 30. Nb4 Be6 31. Be1 Rb3 32. Na2 Ba3 33. Rd1 Bb2 34. Bd2
Ra3 35. Nb4 Rb3 36. Na2 c3 37. Bc1 Bf5 38. Kf1 Bc2 39. Re1 Bd3+ 40. Kg1 Bb1 41.
Bxb2 Rxb2 42. Nxc3 Be4 43. Nxe4 Nxe4 44. Bxe4 dxe4 45. Rc1 Kh7 46. Rc5 Kg6 47.
g4 f6 48. Kg2 Rb7 49. Kg3 Re7 50. Kf4 Kf7 51. h4 g5+ 52. Kg3 Ra7 53. Rc8 Re7
54. Ra8 Rb7 55. Rh8 Kg7 56. Re8 1-0

[Event "Mercredi 2021.10.06 ABCD"]
[Site "Montreal CAN"]
[Date "2021.10.27"]
[Round "4"]
[White "Rodrigue-Lemieux, Shawn"]
[Black "Kapush, Oleksandr"]
[Result "1/2-1/2"]
[WhiteElo "2398"]
[BlackElo "2092"]
[PlyCount "177"]
[EventDate "2021.10.06"]
[EventType "tourn"]
[EventRounds "5"]
[EventCountry "CAN"]

1. c4 Nf6 2. g3 g6 3. Bg2 Bg7 4. Nc3 O-O 5. e4 c5 6. Nge2 Nc6 7. O-O b6 8. d3
Bb7 9. h3 e6 10. Be3 d5 11. exd5 exd5 12. Nxd5 Nxd5 13. Bxd5 Qd7 14. d4 cxd4
15. Nxd4 Ne5 16. Nf3 Bxd5 17. Nxe5 Bxe5 18. Qxd5 Qxd5 19. cxd5 Bxb2 20. Rab1
Be5 21. Rfd1 Rfd8 22. a4 Rd6 23. Rb5 Rad8 24. Rd3 f5 25. a5 bxa5 26. Rxa5 a6
27. Bd2 Rb6 28. Bg5 Rd7 29. Re3 Bf6 30. Bf4 Rb5 31. Rxa6 Bd4 32. Re8+ Kf7 33.
Raa8 Rbxd5 34. Rf8+ Ke6 35. Bg5 Bg7 36. Rae8+ Kd6 37. Bf4+ Kc5 38. Rc8+ Kd4 39.
Rfe8 Be5 40. Be3+ Kd3 41. Kg2 Bd4 42. Bf4 Rc5 43. Rcd8 Rcd5 44. Ra8 Rc5 45.
Red8 Rcd5 46. Ra3+ Kc4 47. Rc8+ Rc5 48. Ra4+ Kb5 49. Rca8 Rc2 50. Ra2 Rxa2 51.
Rxa2 Kc4 52. Kf3 Kd5 53. Ra6 Rb7 54. Rd6+ Kc5 55. Rd8 Kc4 56. Be3 Bf6 57. Rd1
Re7 58. h4 Be5 59. h5 Bf6 60. Rd6 Be5 61. Ra6 Kd5 62. hxg6 hxg6 63. Rxg6 Rf7
64. Ra6 Rb7 65. Rh6 Rb3 66. Kg2 Rd3 67. Ra6 Rb3 68. Ra4 Rb7 69. Rh4 Rg7 70. Kh3
Rg8 71. Ra4 Rh8+ 72. Kg2 Rc8 73. Kf3 Rc3 74. Ra2 Rb3 75. Ra5+ Ke6 76. Kg2 Rb7
77. Ra4 Kd5 78. Bg5 Rg7 79. Ra5+ Ke6 80. f4 Bd6 81. g4 fxg4 82. Kg3 Rb7 83. Bh6
Kf7 84. Kxg4 Rc7 85. Bg5 Rc5 86. Ra7+ Rc7 87. Ra6 Be7 88. Rb6 Kg7 89. Ra6
1/2-1/2

[Event "Mercredi 2021.10.06 ABCD"]
[Site "Montreal CAN"]
[Date "2021.11.03"]
[Round "5"]
[White "Abderaouf, Sekki"]
[Black "Kozlov, Guennadi"]
[Result "1/2-1/2"]
[WhiteElo "1842"]
[BlackElo "1873"]
[PlyCount "84"]
[EventDate "2021.10.06"]
[EventType "tourn"]
[EventRounds "5"]
[EventCountry "CAN"]

1. d4 d5 2. c4 c6 3. Nc3 e6 4. e4 dxe4 5. Nxe4 c5 6. d5 exd5 7. cxd5 Bf5 8. Ng3
Bg6 9. Bb5+ Nd7 10. Qe2+ Qe7 11. Bxd7+ Kxd7 12. Be3 Nf6 13. Qb5+ Kd8 14. Nf3
Qd7 15. Qb3 Bd6 16. O-O Re8 17. Rfe1 Re7 18. Bg5 Rxe1+ 19. Rxe1 Kc7 20. Rc1 Re8
21. Be3 Kb8 22. Bxc5 Bxc5 23. Rxc5 Qd6 24. Rb5 b6 25. a4 Kb7 26. a5 Rd8 27.
axb6 axb6 28. Nd2 Nxd5 29. Nc4 Qe6 30. h3 Kc7 31. Nf1 Rb8 32. Qg3+ Kc6 33. Rb3
Rb7 34. Ne5+ Kc5 35. Nd2 b5 36. Nd3+ Kc6 37. Qf3 Kd6 38. Nb4 Nxb4 39. Qxb7 Qe1+
40. Nf1 Bd3 41. Qb6+ Ke7 42. Rxd3 Nxd3 1/2-1/2

[Event "Mercredi 2021.10.06 ABCD"]
[Site "Montreal CAN"]
[Date "2021.11.03"]
[Round "5"]
[White "Adam, Rafael"]
[Black "Boudreau, Daniel"]
[Result "1-0"]
[WhiteElo "1947"]
[BlackElo "2000"]
[PlyCount "53"]
[EventDate "2021.10.06"]
[EventType "tourn"]
[EventRounds "5"]
[EventCountry "CAN"]

1. d4 Nf6 2. c4 e6 3. Nf3 b6 4. g3 Ba6 5. Qc2 c5 6. Bg2 Bb7 7. O-O cxd4 8. Nxd4
Bxg2 9. Kxg2 Bc5 10. Rd1 O-O 11. Nc3 h6 12. b3 Qe7 13. Bb2 Nc6 14. e3 Rac8 15.
Qe2 Rfd8 16. Nc2 Nb4 17. Nxb4 Bxb4 18. Rd3 d5 19. cxd5 Bxc3 20. Rxc3 Rxc3 21.
Bxc3 Nxd5 22. Bb2 Qb4 23. Rd1 f5 24. Rc1 Qe4+ 25. Kg1 Kh7 26. Bd4 e5 27. f3 1-0

[Event "Mercredi 2021.10.06 ABCD"]
[Site "Montreal CAN"]
[Date "2021.11.03"]
[Round "5"]
[White "Allaire, Denis"]
[Black "Lima-Barbosa, Raphael"]
[Result "0-1"]
[WhiteElo "1637"]
[BlackElo "1703"]
[PlyCount "52"]
[EventDate "2021.10.06"]
[EventType "tourn"]
[EventRounds "5"]
[EventCountry "CAN"]

1. e4 c6 2. Bc4 d5 3. Bb3 Nf6 4. e5 Ng8 5. d4 Bf5 6. Ne2 e6 7. Ng3 Bg6 8. f4 h5
9. Nd2 h4 10. Ngf1 c5 11. c3 Nc6 12. Nf3 Nge7 13. Be3 Nf5 14. Bf2 cxd4 15. cxd4
Bb4+ 16. N1d2 Ba5 17. Ba4 h3 18. Bxc6+ bxc6 19. Qa4 hxg2 20. Rg1 Rb8 21. a3
Bxd2+ 22. Nxd2 Rxb2 23. Qxc6+ Kf8 24. Qc5+ Kg8 25. Qxa7 Qc8 26. Qa4 Qc3 0-1

[Event "Mercredi 2021.10.06 ABCD"]
[Site "Montreal CAN"]
[Date "2021.11.03"]
[Round "5"]
[White "Beaudry, Marc-Andre"]
[Black "Rodrigue-Lemieux, Shawn"]
[Result "0-1"]
[WhiteElo "2052"]
[BlackElo "2398"]
[PlyCount "68"]
[EventDate "2021.10.06"]
[EventType "tourn"]
[EventRounds "5"]
[EventCountry "CAN"]

1. d4 Nf6 2. c4 e6 3. Nf3 d5 4. g3 Be7 5. Bg2 O-O 6. O-O dxc4 7. Qc2 a6 8. a4
Bd7 9. Rd1 Bc6 10. Nc3 Bxf3 11. Bxf3 Nc6 12. Bxc6 bxc6 13. a5 Rb8 14. Ra4 Rb4
15. Rxb4 Bxb4 16. Na2 Bxa5 17. Qxc4 Qd5 18. Qa4 Ra8 19. Bd2 Bb6 20. Bf4 Qb5 21.
Qc2 Nd5 22. Bc1 c5 23. dxc5 Qxc5 24. Qxc5 Bxc5 25. Kg2 Kf8 26. e4 Nf6 27. f3
Rb8 28. Kf1 Ke8 29. Ke2 Rb3 30. Rd3 Rxd3 31. Kxd3 Kd7 32. Kc4 Kc6 33. g4 Nd7
34. f4 Nf6 0-1

[Event "Mercredi 2021.10.06 ABCD"]
[Site "Montreal CAN"]
[Date "2021.11.03"]
[Round "5"]
[White "Beaulieu, Pierre"]
[Black "Millette, Sylvain"]
[Result "1/2-1/2"]
[WhiteElo "1870"]
[BlackElo "1706"]
[PlyCount "64"]
[EventDate "2021.10.06"]
[EventType "tourn"]
[EventRounds "5"]
[EventCountry "CAN"]

1. Nf3 Nf6 2. g3 g6 3. b3 Bg7 4. Bb2 O-O 5. Bg2 d5 6. O-O c5 7. d3 Nc6 8. Nbd2
b6 9. c4 d4 10. Ne5 Nxe5 11. Bxa8 Bg4 12. Bf3 Nxf3+ 13. Nxf3 Bh3 14. Re1 Qa8
15. Qc2 Ng4 16. Red1 f5 17. Bc1 e5 18. Re1 e4 19. Qd1 exf3 20. exf3 Ne5 21.
Rxe5 Bxe5 22. Bd2 Bf6 23. b4 g5 24. bxc5 bxc5 25. Rb1 g4 26. Rb5 Rb8 27. Qb3
Rxb5 28. cxb5+ Kg7 29. Qe6 Kg6 30. Bf4 Qb7 31. Bd6 Qxb5 32. Qg8+ Bg7 1/2-1/2

[Event "Mercredi 2021.10.06 ABCD"]
[Site "Montreal CAN"]
[Date "2021.11.03"]
[Round "5"]
[White "Chapdelaine, Gwyn"]
[Black "Dompierre, Remi"]
[Result "1-0"]
[WhiteElo "1640"]
[BlackElo "1684"]
[PlyCount "89"]
[EventDate "2021.10.06"]
[EventType "tourn"]
[EventRounds "5"]
[EventCountry "CAN"]

1. e4 e5 2. Nf3 Nf6 3. Nc3 Nc6 4. Bb5 Bc5 5. d3 d6 6. Bg5 a6 7. Ba4 h6 8. Bh4
Bb4 9. h3 b5 10. Bb3 Be6 11. O-O Bxc3 12. bxc3 Qd7 13. d4 Bxb3 14. cxb3 Nxe4
15. dxe5 dxe5 16. Re1 Qxd1 17. Raxd1 Nxc3 18. Rd3 Nxa2 19. Nxe5 Nxe5 20. Rxe5+
Kf8 21. Rd7 Kg8 22. Rxc7 Kh7 23. Rxf7 Rhf8 24. Rd7 Rae8 25. Bf6 Kg6 26. Bxg7
Rxe5 27. Bxe5 Kf5 28. Bg3 Nc1 29. Rd6 Ne2+ 30. Kh2 Nxg3 31. Kxg3 Rc8 32. Rxa6
Rc3+ 33. f3 h5 34. Kh4 Rxb3 35. Kxh5 Kf4 36. g4 Rxf3 37. h4 b4 38. Ra4 Rb3 39.
g5 Kf5 40. g6 Kf6 41. Kh6 Rg3 42. h5 b3 43. Rb4 Ke5 44. g7 Kd5 45. Rxb3 1-0